Sens de la vie - Tal (Paroles) - Statistiques

Statistiques générales
  • Ce quiz a été pris 6 531 fois
  • Le résultat moyen est 342 sur 386
Statistiques - réponses
Paroles % Correct
de
99%
De
99%
J'ai
99%
j'ai
99%
la
99%
le
99%
me
99%
et
98%
Et
98%
Je
98%
je
98%
À
97%
à
97%
a
97%
que
97%
qui
97%
Qui
97%
se
97%
sens
97%
vie
96%
les
95%
Les
95%
trouvé
95%
un
95%
y
95%
ce
94%
pas
94%
sur
94%
chaque
93%
devant
93%
raison
93%
scène
93%
m'entraîne
92%
mon
92%
ne
92%
yeux
92%
mène
91%
suis
91%
jour
90%
l'aime
90%
nouveau
90%
ciel
89%
fermé
89%
soleil
89%
sous
89%
bleu
88%
cœur
88%
depuis
88%
des
88%
était
88%
pareil
88%
rien
88%
n'est
87%
Sans
87%
Lumières
86%
peu
86%
projecteurs
86%
réveillée
86%
voir
86%
ma
85%
même
85%
Même
85%
dormir
84%
plus
84%
voulu
84%
jamais
83%
peur
81%
en
80%
n'ai
80%
réchauffent
77%
voie
75%
une
74%
jour-là
73%
mes
73%
chanson
72%
fait
72%
mais
72%
chance
71%
d'où
71%
n'oublie
71%
paroles
71%
prend
71%
viens
71%
d'une
70%
envol
70%
tiens
70%
C'est
69%
c'est
69%
veux
69%
briller
68%
d'enfance
68%
moi
68%
au
67%
toujours
66%
artificielles
65%
lève
65%
fond
64%
on
64%
Tout
64%
évidence
62%
Il
62%
sais
62%
Quand
60%
quand
60%
dans
58%
ça
57%
voix
57%
avec
56%
d'amour
56%
étoile
56%
contre-sens
55%
est
55%
perd
55%
chemin
54%
pour
54%
choses
53%
nos
51%
chante
50%
rêves
50%
croit
49%
scintille
49%
nous
48%
voile
47%
guide
46%
rappellent
44%
fascinante
39%
sors
39%
l'ombre
38%
rend
36%
ambition
33%
notre
32%
lui
29%
peut-être
24%
Aucun quiz correspondant
Distribution des résultats
% des personnes avec chaque résultat
Percentile par nombre de réponses
Votre historique - résultats
Vous n’avez pas pris ce quiz